000 01360nam a2200229Ia 4500
003 Ost
005 20260507075113.0
008 260507s9999||||xx |||||||||||||| ||und||
040 _cfsecg
041 _aara
082 _a330
100 _aالبيطار، نديم
_eمؤلف
245 0 _aنقد الطريق الاقتصادي كأداة إلى الاتحاد السياسي /
_c نديم البيطار
250 _aطبعة 2
260 _aبيروت:
_bبيسان للنشر والتوزيع,
_c2002
300 _a329 صفحة؛
_c24 سم
520 _aالنقد السياسي:التناقض بين العقلانية الاقتصادية والتعدد السياسي،فشل المحاولات الاقتصادية كأداة للإتحاد السياسي،أولوية العمل السياسي في التنسيق الاقتصادي،إقليمية المفهوم الاقتصادي حول الطريق إلى الوحدة،من التنمية الاقتصادية إلى الدولة الثورية،النقد السوسيولوجي التاريخي:النقد السوسيولوجي التاريخي:نقد سوسيولوجي عام،التمثيل على النقد السوسيولوجي
653 _aالاتحاد السوفياتي
653 _aالاقتصاد
653 _aالوحدة السياسية
942 _cكتاب
999 _c42945
_d42945